banner koha

Accumulation dynamics and physicochemical variability of starch in cultivars of Canna edulis Ker (Registro n. 328454)

MARC details
000 -LÍDER
fixed length control field 03880nab a2200265 i 4500
003 - CÓDIGO MARC DA AGÊNCIA CATALOGADORA
Campo de controle BR-BrBNA
005 - DATA E HORA DA ÚLTIMA ATUALIZAÇÃO
Campo de controle 20241106103553.0
008 - CAMPO DE TAMANHO FIXO
fixed length control field 241106b2020 bl.ar|pooa||| 00| 0 eng |
040 ## - FONTE DA CATALOGAÇÃO
Agência catalogadora BR-BrBNA
Idioma da catalogação eng
072 ## - CATEGORIA AGRIS
Código AGRIS Q04
100 ## - ENTRADA PRINCIPAL - NOME PESSOAL
Nome pessoal Longas, Freddy Forero
100 ## - ENTRADA PRINCIPAL - NOME PESSOAL
Nome pessoal Diaz, Adriana Pulido
245 ## - TÍTULO PRINCIPAL
Título principal Accumulation dynamics and physicochemical variability of starch in cultivars of Canna edulis Ker
500 ## - NOTA GERAL
Nota geral <br/>Publicação online; 38 ref.; 6 illus.; Summaries (En, Pt)
942 ## - ADDED ENTRY ELEMENTS (KOHA)
Koha item type Analítica
520 ## - NOTA DE RESUMO
Nota de conteúdo <br/><br/><br/>ABSTRACT - Canna edulis, also known as achira or sagu, is widely grown in South America because its rhizomes are a major source of starch for food and agroindustry.This study aimed to assess the accumulation rate and physicochemical changes of starch from four canna cultivars (Verde, Nativa, Maituna and Morada), grown under a traditional system, in the southwest region of Colombia. The rhizomes were harvested after planting (between five and nine months) to extract and characterize the starch. It was found that the starch yield (% wb) was related to the plant development age, reaching a maximum at eight months for all cultivars (12.78 ± 0.19 % - Verde; 12.46 ± 0.18 % - Maituna; 12.17 ± 0.19 % - Nativa; 11.10 ± 0.18 % - Morada). The average chemical composition (% wb) of the native starch throughout the rhizome development, for all cultivars, was: 86.68 % of starch, 1.12 % of protein, 0.43 % of dietary fiber, 0.14 % of ash and 11.57 % of moisture. At the optimum harvest age, the minimum and maximum amylose contents were 45.63 % (Maituna) and 54.47 % (Verde). The starch granule size among the cultivars showed a normal distribution, with a range of 40 μm to 80 μm and mean of 59.9 μm. The pasting curves per cultivar showed that the starch generated very high viscosity gels, unstable to the heating-cooling cycles, and high retrogradation.<br/><br/><br/><br/>KEYWORDS: Rhizome, agroindustry, flour
520 ## - NOTA DE RESUMO
Nota de conteúdo <br/><br/>RESUMO - Canna edulis, também conhecido como achira ou sagu, é amplamente cultivado na América do Sul porque seus rizomas são boa fonte de amido para alimentos e agroindústria. Objetivou-se avaliar a taxa de acúmulo e as alteraçõesfísico-químicasdoamido proveniente de quatro cultivares de canna (Verde, Nativa, Maituna e Morada), cultivadas sob sistema tradicional, na região sudoeste da Colômbia. Os rizomas foram colhidos após o plantio (entre cinco e nove meses) para extrair e caracterizar o amido. Verificou-se que o rendimento de amido (% bu) estava relacionado à idade de desenvolvimento da planta, atingindo omáximo aos oito meses para todas as cultivares (12,78 ± 0,19 % - Verde; 12,46 ± 0,18 % - Maituna; 12,17 ± 0,19 % - Nativa; 11,10 ± 0,18 % - Morada). A composição química média (% bu) do amido nativo, ao longo do desenvolvimento do rizoma, para todas as cultivares, foi: 86,68 % de amido, 1,12 % de proteína, 0,43 % de fibra alimentar, 0,14 % de cinza e 11,57 % de umidade. Na idade ideal de colheita, os teoresmínimo e máximo de amilose foram de 45,63 % (Maituna) e 54,47 % (Verde). O tamanho dos grânulos de amido entre as cultivares mostrou distribuição normal, com amplitude de 40 μm a 80 μm e média de 59,9 μm. As curvas de viscosidade por cultivar mostraram que o amido gerava géis de viscosidade muito alta, instáveis aos ciclos de aquecimento-resfriamento, e alta retrogradação.<br/><br/><br/>PALAVRAS-CHAVE:Rizoma, agroindustria, farinha.
650 ## - ASSUNTO - THESAGRO
Cabeçalho tópico ou nome geográfico RIZOMA
650 ## - ASSUNTO - THESAGRO
Cabeçalho tópico ou nome geográfico INDÚSTRIA AGRÍCOLA
650 ## - ASSUNTO - THESAGRO
Cabeçalho tópico ou nome geográfico FARINHA
650 ## - ASSUNTO - THESAGRO
Cabeçalho tópico ou nome geográfico PROPRIEDADE FÍSICA-QUÍMICA
773 0# - ENTRADA ANALÍTICA
Host Biblionumber 3248
Registro do item 317346
Imprenta Goiânia-GO UFG. Escola de Agronomia 1999
Outro identificador 2024-3998
Título Pesquisa Agropecuária Tropical (Brazil)
ISSN 1517-6398
Colação v. 50 p. 1-10; (2020)
Número de controle de registro BR2024003158
856 ## - ACESSO E ENDEREÇO ELETRÔNICO
Identificador uniforme de recurso - URI https://revistas.ufg.br/pat/article/view/58827/34532

Nenhum exemplar disponível.

BINAGRI

Telefone: (61)3218-2567/2388/3357/2097 - binagri@agro.gov.br

Ministério da Agricultura e Pecuária , Esplanada dos Ministérios, Bloco D, Anexo B, Brasília/DF, CEP: 70.043-900